| 000 | 00471nam a2200133Ia 4500 | ||
|---|---|---|---|
| 008 | 170516s9999 xx 000 0 und d | ||
| 245 | 3 | _aAn automated method for analysis of microcirculation videos for accurate assessment of tissue perfusion | |
| 260 | _bBMC Medical Imaging | ||
| 260 | _c2012 | ||
| 300 | _a12: | ||
| 650 | _xMedical Technology | ||
| 650 | _xMedtech | ||
| 856 | _uhttp://bmcmedimaging.biomedcentral.com/articles?query=&volume=12&searchType=&tab=keyword | ||
| 999 |
_c329974 _d329974 |
||